000 00816nam a2200265Ia 4500
003 OSt
005 20220926011016.0
006 a|||||r|||| 00| 0
007 ta
008 220923b |||||||| |||| 00| 0 eng d
037 _cGeneral Book
040 _aRTL
_cRTL
_beng
041 _2eng
_aeng
082 _aXM8, L2;M5
100 _aKorth Christopher M
_9313416
245 0 _aInternational business
_b Environment and management
250 _a2
260 _aNew Jersey
_bPrentice Hall
_c1985
300 _axxvi, 580p
_ccm.
490 _a:Published Previously as International Business. By Richard D Hays etc
500 _aBibliography chapterwise; Glossary p 543-63
650 _aMultinational
942 _hXM8, L2;M5
_cGB
_2CC
999 _c618845
_d618845